The Norton anthology of world literature
שמור ב:
| פורמט: | ספר |
|---|---|
| שפה: | Undetermined |
| יצא לאור: |
New York
W.W. Norton & Co.
2012
|
| נושאים: | |
| תגים: |
הוספת תג
אין תגיות, היה/י הראשונ/ה לתייג את הרשומה!
|
| Thư viện lưu trữ: | Trung tâm Học liệu Trường Đại học Cần Thơ |
|---|
| LEADER | 00507nam a2200169Ia 4500 | ||
|---|---|---|---|
| 001 | CTU_236323 | ||
| 008 | 210402s9999 xx 000 0 und d | ||
| 082 | |a 808.8 | ||
| 082 | |b N882/Vol.E | ||
| 245 | 4 | |a The Norton anthology of world literature | |
| 245 | 0 | |c Martin Puchner, general editor ... [et al.] | |
| 260 | |a New York | ||
| 260 | |b W.W. Norton & Co. | ||
| 260 | |c 2012 | ||
| 650 | |a American literature,Văn học Mỹ | ||
| 910 | |b dqhieu | ||
| 980 | |a Trung tâm Học liệu Trường Đại học Cần Thơ | ||